000 00502nam a2200193Ia 4500
005 20240823032834.0
008 240823s9999||||xx |||||||||||||| ||und||
020 _a978-81-309-1568-5
041 _aENGLISH
082 _A801.95 Q2
100 _aPeter Barry
245 0 _aBeginning Theory An Introduction to literary and cultural Theory
250 _a1st
260 _c2012
_b"Viva Books, Privated Li"
500 _aYES
650 _aBeginning theory
_bGeneral
942 _cBK
999 _c194378
_d194378